AH International Schools' Libraries

Tangled / (Record no. 49545)

MARC details
000 -LEADER
fixed length control field 00816nam a2200229 4500
016 7# - NATIONAL BIBLIOGRAPHIC AGENCY CONTROL NUMBER
Record control number 018479216
Source Uk
020 ## - INTERNATIONAL STANDARD BOOK NUMBER
International Standard Book Number 9781445422480
Qualifying information hardback
100 ## - MAIN ENTRY--PERSONAL NAME
Personal name Parragon,
Relator term author.
9 (RLIN) 86226
245 00 - TITLE STATEMENT
Title Tangled /
Statement of responsibility, etc by Parragon Books.
260 ## - PUBLICATION, DISTRIBUTION, ETC. (IMPRINT)
Place of publication, distribution, etc UK. :
Name of publisher, distributor, etc Parragon Book ;
Date of publication, distribution, etc 2015.
300 ## - PHYSICAL DESCRIPTION
Extent 64 unnumbered pages :
Other physical details illustrations (colour) ;
Dimensions 29 cm.
490 ## - SERIES STATEMENT
Series statement Disney classics
500 ## - GENERAL NOTE
General note At head of title: Disney.
500 ## - GENERAL NOTE
General note Adapted from the motion picture loosely based on the tale of Rapunzel.
650 ## - SUBJECT ADDED ENTRY--TOPICAL TERM
9 (RLIN) 74802
Topical term or geographic name as entry element Disney characters
Form subdivision Juvenile fiction.
650 ## - SUBJECT ADDED ENTRY--TOPICAL TERM
9 (RLIN) 73536
Topical term or geographic name as entry element Princess
Form subdivision Juvenile Fiction
710 2# - ADDED ENTRY--CORPORATE NAME
Corporate name or jurisdiction name as entry element Disney Enterprises (1996- )
9 (RLIN) 25640
730 0# - ADDED ENTRY--UNIFORM TITLE
Uniform title Tangled (Motion picture)
9 (RLIN) 86678
730 0# - ADDED ENTRY--UNIFORM TITLE
Uniform title Rapunzel.
9 (RLIN) 86679
942 ## - ADDED ENTRY ELEMENTS (KOHA)
Source of classification or shelving scheme
Koha item type Book
Holdings
Withdrawn status Lost status Source of classification or shelving scheme Damaged status Not for loan Home library Current library Date acquired Total Checkouts Full call number Barcode Checked out Date last seen Date checked out Price effective from Koha item type
          Logos International School Logos International School 09/10/2025 6 E DIS 042985 05/01/2026 04/23/2026 04/23/2026 09/10/2025 Book

For any Logos Library related questions please contact Miss Art at swongnarasuk@asianhope.org.

For any Asian Hope Library related questions please contact Miss Raza at graza@asianhope.org.

Click here to explore our ebooks!

Powered by Koha